000 00440nam a2200181Ia 4500
003 GCL
008 140319s9999 xx 000 0 eng d
040 _aGCL /
_cGCL
082 0 4 _a704.9
_bD C
100 1 _aDURAND, GILBERT
245 1 0 _aCHAMPS DE L'IMAGINAIRE /
_cDURAND, GILBERT
260 _a[S.N] :
_bELLUG ،
_c1996
300 _a262 P
650 0 4 _aARTS
650 0 4 _aICONOGRAPHY
650 0 4 _aARTS IMAGINATION
942 _2ddc
_cBK
999 _c16150
_d16150